| 000 | 00415nam a2200169Ia 4500 | ||
|---|---|---|---|
| 008 | 221030s9999 xx 000 0 und d | ||
| 020 | _a0071072748 | ||
| 041 | _aEnglish | ||
| 100 | _aB. Hughes | ||
| 245 | 0 |
_aSoftware Project Management _cby B. Hughes, R. Mall |
|
| 250 | _a5th | ||
| 260 |
_bMcGraw - Hill Pub. _aNew Delhi _c2014 |
||
| 300 | _a397 | ||
| 650 | _aBB Computer | ||
| 700 | _aR. Mall | ||
| 942 | _cBK | ||
| 999 |
_c15404 _d15404 |
||